000 00288nam a22001337a 4500
008 171010b xxu||||| |||| 00| 0 eng d
020 _a02560267777
041 _aeng
080 _a316
100 _a50
101 _aSOC
245 _aAMERICAN DELINQUENCY
_cEMPEY.L.T
942 _2udc
_cBK
999 _c32892
_d32892